Putting asunder : a history of divorce in western society
Αποθηκεύτηκε σε:
| Κύριος συγγραφέας: | |
|---|---|
| Μορφή: | Βιβλίο |
| Γλώσσα: | English |
| Δημοσίευση: |
Cambridge :
Cambridge University Press,
1988
|
| Θέματα: | |
| Ετικέτες: |
Προσθήκη ετικέτας
Δεν υπάρχουν, Καταχωρήστε ετικέτα πρώτοι!
|
MARC
| LEADER | 00000nam a2200000 i 4500 | ||
|---|---|---|---|
| 001 | 1/5278 | ||
| 008 | 960527s1988 eng d | ||
| 020 | |a 0-521-32434-3 | ||
| 035 | |l 10015948 | ||
| 040 | |a GR-MY-UA |b gre |e aacr | ||
| 041 | 0 | |a eng | |
| 082 | 0 | |a 306.8909 | |
| 100 | 1 | |a Phillips, Roderick. | |
| 245 | 1 | 0 | |a Putting asunder : |b a history of divorce in western society / |c Roderick Phillips |
| 260 | |a Cambridge : |b Cambridge University Press, |c 1988 | ||
| 300 | |a 672 p. | ||
| 504 | |a Includes index and bibliographical references | ||
| 650 | 0 | 0 | |a Divorce |z Europe |x History. |
| 650 | 0 | 0 | |a Divorce |z America |x History. |
| 650 | 0 | 0 | |a Divorce |x Religious aspects |x History. |
| 650 | 0 | 0 | |a Divorce |x Law and legislation |x History. |
| 852 | |a INST |b LESVOS |e 19960527 |h 306.8909 PHI |p 005100004676 |q 005100004676 |t BK |y 0 | ||
| 909 | |a Λ |b 026148 | ||